| 000 | 01440nam a22003377a 4500 | ||
|---|---|---|---|
| 001 | 768714001 | ||
| 003 | CO-MdFUSB | ||
| 005 | 20210526125552.0 | ||
| 007 | ta | ||
| 008 | 200625t2003 enk |||| |||| 00| 0 eng d | ||
| 020 | _a8587143751 | ||
| 040 |
_aCO-MdFUSB _bspa _cCO-MdFUSB _dCO-MdFUSBC _erda |
||
| 041 | _apor | ||
| 082 |
_223 _a253.3 _bK792 |
||
| 100 | 1 |
_aKohl, Manfred Waldemar _eautor |
|
| 245 |
_aLiderança para um novo século _c/ Manfred Waldemar Koh l; Antonio Carlos Barro |
||
| 264 | 1 |
_aLondrina : _bDescoberta, _c[2003] |
|
| 264 | 4 | _c© 2003 | |
| 300 |
_a211 páginas _c; 22 cm |
||
| 336 |
_2rdacontent _atexto _btxt |
||
| 337 |
_2rdamedia _asin mediación _bn |
||
| 338 |
_2rdacarrier _avolumen _bnc |
||
| 505 | _aLiderando los desafíos del ministerio, fructífero y auténtico. -- Un líder llamado Moisés: su llamado, sus crisis y su humanidad. -- Profetas del Antiguo Testamento,: ejemplos para los líderes de hoy. -- Liderazgo creativo: modelos en el nuevo testamento -- Un líder llamado Juan Calvino: su liderazgo e influencia en la vida urbana de Ginebra. -- Liderazgo religioso en Brasil contemporáneo. -- Estrategias y perfiles de liderazgo en el Neopentecostalismo brasilero. | ||
| 563 | _aRústico | ||
| 650 | 0 |
_92014 _aLiderazgo |
|
| 650 | 7 |
_9227 _aTeología pastoral |
|
| 700 | 1 |
_91046 _aBarro, Antonio Carlos, _d1954- _eautor |
|
| 942 | _cBK | ||
| 945 | _aJTF-925 | ||
| 999 |
_c66297 _d66297 |
||